00393 2200145 4500245005900000020001800059250001100077100002600088700002700114005001900141260005200160041001400212084000900226300001200235 aDaftar Tajuk Subjek IslamcDrs.H.Muh. Kailani ErhText a979-9256-05-4 aCet. 1 aDrs.H.Muh. Kailani Er aDrs.H. Muh. Kailani Er a20240909151038 aJakartabPenerbit Deartemen Agama Jakartac1999 aIndonesia aNONE a19 cm :